00341nam a2200145Ia 4500008004100000020001600041041000800057082001600065100001900081245001900100250000600119260005100125300001000176650000900186210716s1993 xx 000 0 und d a81856231196 aeng a005.43 BRAJ aBraun, Jurgen. aUnix system v. a1 aNew DelhibGalgotia Publications Pvt Ltdc1993 av,167 aUnix